Eğitim yenileşim projesi (Record no. 7037)

MARC details
000 -BAŞLIK
Sabit Uzunlukta Kontrol Alanı 00637na a2200229 4500
001 - KONTROL NUMARASI
Denetim Alanı 20136
003 - KONTROL NUMARASI IDENTIFIER
Denetim Alanı MIRAKIL
005 - SON İŞLEM TARİHİ VE ZAMANI
Denetim Alanı 20181213155126.0
008 - SABİT-BOY VERİ ELEMANLARI - GENEL BİLGİLER
Sabit Uzunlukta Kontrol Alanı 170104b tu 000 0
035 ## - SİSTEM KONTROL NUMARASI
Sistem Kontrol Numarası 20136
040 ## - KATALOGLAMA KAYNAK
Orijinal Kataloglama Ajansı Milas
Kataloglama Dili tur
Metne Dönüştürmek Ajansı TR-AnCHP
041 ## - DİL KODU
Metin / Ses Parça Veya Ayrı Başlığın Dil Kodu tur
082 ## - DEWEY ONLU SINIFLANDIRMA NUMARASI
Sınıflandırma Numarası CHP 370
Ürün Numarası E35 [t.y.]
090 ## - SINIFLAMA NUMARASI
Sınıflama Numarası CHP 370 E35 [t.y.]
245 ## - BAŞLIK TABLOSU
Başlık Eğitim yenileşim projesi
Sorumluluk Tablosu, Vb CHP
260 ## - YAYIN, DAĞITIM, VB
Yayın, Dağıtım, Vb Yeri [y.y.]
Yayıncı, Dağıtıcı, Vs Adı CHP
Yayın, Dağıtım, Vb Tarihi [t.y.]
300 ## - FİZİKSEL TANIM
Kapsam 35 s.
Diğer Fiziksel Ayrıntıları şkl.
Boyutlar 28 sm.
610 ## - KONU KATMA GİRİŞ - TOPLANTI ADI
Giriş Elemanı Olarak Kurumsal Ad Veya Yargı Alanı Adı Cumhuriyet Halk Partisi (CHP)
Genel Alt Bölüm Eğitim politikaları
Kronolojik Alt Bölüm Projeler
650 ## - KONU KATMA GİRİŞ - TOPİKAL DÖNEM
Topikal Süreli Veya Coğrafi Ad Giriş Elemanı Eğitim sistemi
Genel Alt Bölümü Öneriler
710 ## - KATMA GİRİŞ - KURUMSAL ADI
Giriş Elemanı Olarak Kurumsal Ad Veya Yargı Alanı Adı Cumhuriyet Halk Partisi (CHP)
942 ## - EKLENDİ GİRİŞ ELEMANLARI (KOHA)
Sınıflandırma Veya Raf Düzeni Kaynak Dewey Decimal Classification
Koha Öğesi Türü Books
999 ## - SİSTEM KONTROL NUMARALARI (KOHA)
Koha Biblionumber 7037
Koha Biblioitemnumber 7037
Holdings
Kalıcı Konum Mevcut Konum Edinme Tarihi Edinim Kaynak Toplam Check-Out'Lar Tam Çağrı Numarası Barkod Tarih Son Görülme İtibaren Geçerli Fiyatlar Koha Öğesi Türü
CHP Kütüphanesi CHP Kütüphanesi 01/04/2017 Bağış   CHP 370 E35 [t.y.] 010492 01/04/2017 01/04/2017 Books